Education as tool for the development of creative industries in Slovakia

Úloha vzdelávania vo vývoji kreatívneho priemyslu na Slovensku.

Gespeichert in:
Bibliographische Detailangaben
1. Verfasser: Šipikal, Miroslav, 1976-
Weitere Verfasser: Madudová, Emília
Format: Buchkapitel
Sprache:Englisch
Schlagworte:
Tags: Tag hinzufügen
Keine Tags, Fügen Sie das erste Tag hinzu!

MARC

LEADER 00000naa a2200000 4500
001 0216042
005 20240502073612.7
041 0 |a eng 
044 |a SK 
245 1 0 |a Education as tool for the development of creative industries in Slovakia  |c Miroslav Šipikal 
520 |a Úloha vzdelávania vo vývoji kreatívneho priemyslu na Slovensku. 
610 2 0 |a vzdelávanie 
610 2 0 |a priemysel kreatívny 
610 2 0 |a podnik 
610 2 0 |a Slovensko 
100 1 |a Šipikal, Miroslav, 1976- 
700 1 |a Madudová, Emília